000 00380nam a2200157Ia 4500
008 210210b1984 xxu||||| |||| 00| 0 eng d
082 _a581.6 PANE
100 _aPANDEY (B P).
245 _aEconomic botany. Ed 3.
250 _a
260 _aNew Delhi
_bS. Chand & Co. Ltd.
_c1984
300 _axii,476
650 _aEconomic Botany
690 _aBotany
906 _aSG02649
999 _c113603
_d113603